书目信息 |
| 题名: |
妇女更年期老年病期病症
|
|
| 作者: | 袁耀萼 主编 | |
| 分册: | ||
| 出版信息: | 上海 上海科学技术出版社 1986 |
|
| 页数: | 154页 | |
| 开本: | 20cm | |
| 丛书名: | ||
| 单 册: | ||
| 中图分类: | R339.34 | |
| 科图分类: | ||
| 主题词: | 人体生理学 | |
| 电子资源: | ||
| ISBN: | ||
| 000 | 00657nam0 2200241 45 | |
| 001 | 0186013420 | |
| 005 | 20040520150341.2 | |
| 010 | @dCNY1.15 | |
| 091 | @a14119.1807 | |
| 100 | @a19901012d1986 em y0chiy0121 ea | |
| 101 | 0 | @achi |
| 102 | @aCN@b310000 | |
| 105 | @ay z 000yy | |
| 106 | @ar | |
| 200 | 10 | @a妇女更年期老年病期病症@Afu nv geng nian qi lao nian bing qi bing zheng@f袁耀萼主编 |
| 210 | @a上海@c上海科学技术出版社@d1986 | |
| 215 | @a154页@d20cm | |
| 606 | 0 | @a人体生理学 |
| 690 | @aR339.34 | |
| 701 | 0 | @a袁耀萼@Ayuan yao e@4主编 |
| 801 | 0 | @aCN@b深圳图书馆@c20040520 |
| 801 | 2 | @aCN@bNLC@c20040520 |
| 905 | @f1@b162820@dR339.34@e29 | |
| 妇女更年期老年病期病症/袁耀萼主编.-上海:上海科学技术出版社,1986 |
| 154页;20cm |
| ISBN :CNY1.15 |
| ● |
| 相关链接 |
|
|
|
|
正题名:妇女更年期老年病期病症
索取号:R339.34/29
 
预约/预借
| 序号 | 登录号 | 条形码 | 馆藏地/架位号 | 状态 | 备注 |
| 1 | 0162820 | 000708407 | 密集书库/ [索取号:R339.34/29] | 在馆 | |
| 2 | 0162821 | 000708381 | 第二样本阅览室/ [索取号:R339.34/29] | 在馆 |